Envoronmental law : international and national perspectives

Bibliographic Details
Main Author: Gurdip, Singh , 1948- (Author)
Format: Book
Published: New Delhi : LawmanPrivate , 1995
Subjects:

MARC

LEADER 00000cam a2200000 7i4500
001 0000009002
005 20170323093000.0
008 021119s1995
020 |a 8175040009 
050 0 0 |a d28 KNS1507   |b .G87 1995 
090 0 0 |a d28 KNS1507   |b .G87 1995 
100 0 |a Gurdip, Singh ,   |d 1948- ,   |e author 
245 0 0 |a Envoronmental law :   |b international and national perspectives   |c Gurdip Singh 
260 |a New Delhi :   |b LawmanPrivate ,   |c 1995 
300 |a vi, (various pagings); 24 p. ;   |c 25 cm. 
501 |a Includes index 
650 0 |a Environmental law, International 
650 0 |a Environmental law   |z India 
999 |a 1000055052   |b Book   |c Reference   |e Gong Badak Campus